000 01253nam a2200325 i 4500
003 EG-GICUC
005 20260121101100.0
008 251028s1972 ua ||||fr|||| 000 0 ara d
017 _a19722792
040 _a EG-GICUC
_bara
_c EG-GICUC
_d EG-GICUC
_erda
041 0 _aara
082 0 4 _a343.13062
_bر ء . م
_21972
092 0 4 _221
099 _aLaw1 10 343.31062 ر ء . م 1972
100 0 _aتأليف رؤوف عبيد.
_eAuthor.
245 1 0 _aمبادئ الإجراءات الجنائية في القانون المصري /
_cتأليف الدكتور رؤوف عبيد.
250 _aطبعة التاسعة.
264 1 _aالقاهرة :
_bمطبعة نهضة مصر،
_c1972.
300 _a879 صفحة ؛
_c24 سم.
_bإيضاحيات، صور، مثيليات ؛
336 _2rda content
_atext
337 _2rda media
_aComputer
338 _2rda carrier
_aOnline Resource
504 _aيشتمل على إرجاعات ببليوجرافية.
546 _aالنص باللغة العربية
650 1 _aالقواعد العامة فى الإجراءات الجنائية
_2qrmak
651 1 _2qrmak
856 4 0 _uhttps://fll.law.cu.edu.eg/fulltext/bks/B10-05421.pdf
905 _aOmar
942 _2ddc
_cBK
_e21
_n0
999 _c38301
_d38301